| 000 | 005130000a22001930004500 | ||
|---|---|---|---|
| 003 | LK-CoMWRAF | ||
| 005 | 20240106102822.0 | ||
| 008 | 230817t1995 ||||| |||| 00| 0 eng d | ||
| 040 |
_aLK-CoMWRAF _dLK-CoMWRAF _eLK-CoMWRAF |
||
| 041 | _atam | ||
| 082 |
_a894.8113 _bRAM |
||
| 100 |
_aராமேஸ்வரன்,S _vRameswaran, S. |
||
| 242 | _aMowna Olangal | ||
| 245 | _aமௌன ஓலங்கள் | ||
| 260 |
_aColumb0: _bAuthor, _c1995 |
||
| 300 | _a37 p. | ||
| 650 | _aTAMIL FICTION | ||
| 942 | _cBK | ||
| 999 |
_c2645 _d2645 |
||